Correspondencia de don Pascual de Gayangos y de su hija Emilia G. de Riaño en el Museo Británico / (Record no. 16425)

MARC details
000 -LEADER
campo de control de longitud fija 00883nam a2200229 i 4500
001 - NÚMERO DE CONTROL
campo de control 16425
003 - IDENTIFICADOR DE NÚMERO DE CONTROL
campo de control ES-MaACL
005 - FECHA Y HORA DE LA ÚLTIMA TRANSACCIÓN
campo de control 20231226135800.0
007 - CAMPO FIJO DE DESCRIPCIÓN FÍSICA--INFORMACIÓN GENERAL
campo de control de longitud fija t|
008 - DATOS DE LONGITUD FIJA--INFORMACIÓN GENERAL
campo de control de longitud fija 000919s1985 sp ||||1| spa d
080 ## - NÚMERO DE LA CLASIFICACIÓN DECIMAL UNIVERSAL
Número de la Clasificación Decimal Universal 929 Gayangos, Pascual de
080 ## - NÚMERO DE LA CLASIFICACIÓN DECIMAL UNIVERSAL
Número de la Clasificación Decimal Universal 929 Gayangos de Riaño, Emilia
100 1# - ENTRADA PRINCIPAL--NOMBRE DE PERSONA
Nombre de persona Calderón Quijano, José Antonio.
9 (RLIN) 33626
245 10 - MENCIÓN DEL TÍTULO
Título Correspondencia de don Pascual de Gayangos y de su hija Emilia G. de Riaño en el Museo Británico /
Mención de responsabilidad, etc. José Antonio Calderón Quijano.
260 ## - PUBLICACIÓN, DISTRIBUCIÓN, ETC.
Lugar de publicación, distribución, etc. Madrid :
Nombre del editor, distribuidor, etc. [s.n.],
Fecha de publicación, distribución, etc. 1985.
300 ## - DESCRIPCIÓN FÍSICA
Extensión pp. 218-306 :
Otras características físicas il. ;
Dimensiones 24 cm.
500 ## - NOTA GENERAL
Nota general Publicado en el "Boletín de la Real Academia de La Historia". Tomo CLXXXII, cuaderno II, pags. 217 a 308.
600 14 - PUNTO DE ACCESO ADICIONAL DE MATERIA--NOMBRE DE PERSONA
Nombre de persona Gayangos, Pascual de,
Fechas asociadas al nombre 1809-1897
9 (RLIN) 56138
600 14 - PUNTO DE ACCESO ADICIONAL DE MATERIA--NOMBRE DE PERSONA
Nombre de persona Gayangos de Riaño, Emilia.
9 (RLIN) 56139
852 ## - LOCALIZACIÓN
Ubicación ES-MaACL
Número de control de estantería G-2154
Sublocalización o colección R.113545
Holdings
Estatus retirado Estado de pérdida Estado de daño No para préstamo Biblioteca de origen Biblioteca actual Ubicación en estantería Fecha de adquisición Fuente de adquisición Total de préstamos Signatura topográfica completa Código de barras Visto por última vez Precio de reemplazo Tipo de ítem Koha
        Biblioteca del Ateneo de Madrid Biblioteca del Ateneo de Madrid Depósito 2 17/01/2008     G-2154 1016687 23/02/2023 23/02/2023 Libro impreso